[Event "Frankfurt Ch 2012"]
[Site "Ffm-Kalbach, LAZ"]
[Date "2012.05.14"]
[Round "3.54"]
[White "Kraus, Roman"]
[Black "Lanz, Jürgen"]
[Result "1-0"]
[WhiteElo "1647"]
[BlackElo "1468"]
[PlyCount "123"]
[EventDate "2012.??.??"]
[WhiteTeam "SV Bergwinkel"]
[BlackTeam "SC 1979 Hattersheim"]

1. d4 Nf6 2. c4 g6 3. Nc3 d5 4. Bg5 Ne4 5. Bf4 Nxc3 6. bxc3 Bg7 7. e3 O-O 8.
Qb3 Nc6 9. cxd5 Na5 10. Qa4 Qxd5 11. c4 Bd7 12. Qb4 Qf5 13. g4 Nc6 14. Qxb7 Qe6
15. Be2 Nxd4 16. exd4 Bc6 17. Qb3 Bxh1 18. Rd1 Rab8 19. Qa3 Qb6 20. Qe3 Ba8 21.
Kf1 e6 22. h4 Rfd8 23. c5 Qa5 24. h5 Rb4 25. Be5 Bxe5 26. Qxe5 Rd5 27. Qf6 gxh5
28. Bf3 Qb5+ 29. Kg2 hxg4 30. Bxd5 Bxd5+ 31. Kg3 Bf3 32. Nxf3 gxf3 33. Qd8+ Kg7
34. Qg5+ Kf8 35. Qd8+ Qe8 36. Qxc7 Qb8 37. Qxb8+ Rxb8 38. Rd2 Ke7 39. Kxf3 Rc8
40. Ke4 f6 41. f4 f5+ 42. Kd3 h5 43. Kc4 Kd7 44. d5 h4 45. dxe6+ Kxe6 46. Rd6+
Kf7 47. Rh6 Rg8 48. Kd5 Rg2 49. Rxh4 Rxa2 50. Rh7+ Kf6 51. Kd6 a6 52. Rh3 Ra4
53. Rf3 Rd4+ 54. Kc7 a5 55. Kb6 a4 56. c6 Ke6 57. Rc3 Rb4+ 58. Ka7 a3 59. Rxa3
Kd6 60. Ra6 Rxf4 61. Kb7 Rb4+ 62. Rb6 1-0

[Event "Frankfurt Ch 2012"]
[Site "Ffm-Kalbach, LAZ"]
[Date "2012.05.14"]
[Round "3.55"]
[White "Bergner, Matthias"]
[Black "Midanka, Vladimir"]
[Result "0-1"]
[WhiteElo "1514"]
[BlackElo "1619"]
[PlyCount "42"]
[EventDate "2012.??.??"]
[WhiteTeam "SF Hannover"]
[BlackTeam "vereinslos"]

1. d4 d5 2. e3 Nf6 3. f4 e6 4. Nf3 a6 5. Bd3 c5 6. c3 Nc6 7. O-O Be7 8. Nbd2
Ng4 9. Qe2 f5 10. Ne5 Nf6 11. Ndf3 O-O 12. Nxc6 bxc6 13. Ne5 Qe8 14. b3 Ne4 15.
Bxe4 fxe4 16. Ba3 cxd4 17. Bxe7 d3 18. Qg4 Qxe7 19. Rfc1 Qc5 20. Kf2 Qd6 21. h4
Qxe5 0-1

[Event "Frankfurt Ch 2012"]
[Site "Ffm-Kalbach, LAZ"]
[Date "2012.05.14"]
[Round "3.56"]
[White "Zerhusen, Martin"]
[Black "Möller, Wolfgang"]
[Result "1-0"]
[WhiteElo "1610"]
[BlackElo "1452"]
[PlyCount "49"]
[EventDate "2012.??.??"]
[WhiteTeam "SV Oberursel"]
[BlackTeam "SF Vonkeln 1931"]

1. d4 Nf6 2. c4 e6 3. Nc3 Bb4 4. Bd2 O-O 5. Nf3 b6 6. g3 Bb7 7. Bg2 c5 8. dxc5
Bxc5 9. O-O d5 10. cxd5 Nxd5 11. a3 a5 12. Rc1 Nxc3 13. Bxc3 Be4 14. Qa4 Bc6
15. Qg4 g6 16. Rfd1 Qe7 17. Ne5 Bxg2 18. Kxg2 Ra7 19. Rd3 f6 20. Nc4 Rd8 21.
Rxd8+ Qxd8 22. Qxe6+ Kg7 23. Rc2 Rd7 24. e3 Na6 25. Bxf6+ 1-0

[Event "Frankfurt Ch 2012"]
[Site "Ffm-Kalbach, LAZ"]
[Date "2012.05.14"]
[Round "3.57"]
[White "Muthig, Holger"]
[Black "Kirchmann, Gerhard"]
[Result "1-0"]
[WhiteElo "1599"]
[BlackElo "1428"]
[PlyCount "79"]
[EventDate "2012.??.??"]
[WhiteTeam "Sfr. Frankfurt 1921"]
[BlackTeam "SC Groß-Umstadt"]

1. d4 Nf6 2. c4 g6 3. Nc3 Bg7 4. g3 O-O 5. Bg2 d6 6. Nf3 c6 7. O-O Nbd7 8. e4
e5 9. d5 Ne8 10. Bg5 f6 11. Be3 Nb6 12. dxc6 bxc6 13. c5 Nc4 14. cxd6 Nxe3 15.
fxe3 Nxd6 16. Qb3+ Nf7 17. Rfd1 Qb6 18. Qxb6 axb6 19. Rac1 Bh6 20. Kf2 Be6 21.
a3 Rfd8 22. Rxd8+ Rxd8 23. Na4 Rd3 24. Rxc6 Nd6 25. Nc3 b5 26. Bf1 Rxe3 27.
Rxd6 Bg4 28. Be2 b4 29. axb4 Bh3 30. Rd3 Rxd3 31. Bxd3 Bf8 32. Nd5 Kg7 33. b5
Bc5+ 34. Ke1 Bc8 35. b4 Bd6 36. Nd2 Bb7 37. Nc4 Bf8 38. b6 Kf7 39. Na5 Bxb4+
40. Nxb4 1-0

[Event "Frankfurt Ch 2012"]
[Site "Ffm-Kalbach, LAZ"]
[Date "2012.05.14"]
[Round "3.59"]
[White "Kirschner, Matthias"]
[Black "Steiz, Johann"]
[Result "0-1"]
[WhiteElo "1431"]
[BlackElo "1598"]
[PlyCount "164"]
[EventDate "2012.??.??"]
[WhiteTeam "SV 1997 Nauheim"]
[BlackTeam "ESV Grossenbaum e.V. 1973"]

1. c4 e5 2. Nc3 Nc6 3. g3 g6 4. Bg2 Bg7 5. Nf3 d6 6. O-O f5 7. d3 Nf6 8. Rb1 a5
9. a3 O-O 10. b4 axb4 11. axb4 h6 12. b5 Ne7 13. Nd2 c6 14. Bb2 d5 15. bxc6
bxc6 16. cxd5 cxd5 17. e4 fxe4 18. dxe4 d4 19. Qb3+ Kh7 20. Ne2 Ba6 21. Rfe1
Rb8 22. Qa3 Bb7 23. Qd3 g5 24. Ba3 Re8 25. Nc4 Ng6 26. Nd6 Re7 27. Nxb7 Rexb7
28. Rxb7 Rxb7 29. Rb1 Rxb1+ 30. Qxb1 d3 31. Nc3 Qd4 32. Bb2 Bf8 33. Nd1 Qc4 34.
Qc1 Qxc1 35. Bxc1 Bb4 36. Bb2 Nd7 37. Bc3 Bxc3 38. Nxc3 Nc5 39. f3 Ne7 40. Kf2
Nc6 41. Bf1 Nb4 42. Nd1 Kg7 43. Ke3 Nc2+ 44. Kd2 Nd4 45. Ke3 Nc2+ 46. Kf2 Kf6
47. Nb2 Nb4 48. Ke3 Nc2+ 49. Kd2 Nd4 50. Bg2 Ndb3+ 51. Kc3 Nc1 52. Bf1 Ne2+ 53.
Kd2 Nd4 54. Ke3 d2 55. Be2 Ncb3 56. Bd1 h5 57. Bxb3 Nxb3 58. Ke2 Nd4+ 59. Kf2
g4 60. fxg4 hxg4 61. Nd1 Nf3 62. Kg2 Ng5 63. Ne3 Nxe4 64. Kf1 Nc3 65. Nxg4+ Ke6
66. Ne3 d1=Q+ 67. Nxd1 Nxd1 68. Ke2 Nc3+ 69. Kd3 Nd5 70. Ke4 Nf6+ 71. Kf3 Kf5
72. h3 e4+ 73. Ke2 Nd5 74. Kf2 e3+ 75. Ke2 Ke4 76. h4 Nc3+ 77. Ke1 Kf3 78. h5
Ne4 79. h6 Ng5 80. Kf1 e2+ 81. Ke1 Ke3 82. g4 Nf3# 0-1

[Event "Frankfurt Ch 2012"]
[Site "Ffm-Kalbach, LAZ"]
[Date "2012.05.14"]
[Round "3.60"]
[White "Sallwey, Rainer"]
[Black "Stulken, Dietmar"]
[Result "1/2-1/2"]
[WhiteElo "1561"]
[BlackElo "1418"]
[PlyCount "63"]
[EventDate "2012.??.??"]
[WhiteTeam "SK Langen"]
[BlackTeam "Sfr. Frankfurt 1921"]

1. d4 d5 2. c4 c6 3. cxd5 cxd5 4. Nc3 Nf6 5. Nf3 Nc6 6. g3 e6 7. a3 Be7 8. Bg2
O-O 9. O-O Qc7 10. Bf4 Qb6 11. Na4 Qd8 12. b4 a6 13. Rc1 Nh5 14. Bd2 Bd6 15. e3
Nf6 16. Bc3 Re8 17. Ba1 e5 18. dxe5 Nxe5 19. Nxe5 Bxe5 20. Bxe5 Rxe5 21. Qd4
Re8 22. Rfd1 Be6 23. Nc5 Rb8 24. Nxe6 fxe6 25. Qe5 Rc8 26. Bh3 Kf7 27. Qb2 Qb6
28. Bg2 Rc7 29. Rxc7+ Qxc7 30. Rc1 Qd7 31. Qc2 Re7 32. a4 1/2-1/2

[Event "Frankfurt Ch 2012"]
[Site "Ffm-Kalbach, LAZ"]
[Date "2012.05.14"]
[Round "3.61"]
[White "Reuter, Klaus"]
[Black "Mehl, Ulrich"]
[Result "1-0"]
[WhiteElo "1402"]
[BlackElo "1553"]
[PlyCount "41"]
[EventDate "2012.??.??"]
[WhiteTeam "SV Griesheim(DA)"]
[BlackTeam "SAbt TSG Nieder-Erlenbach 1888"]

1. d4 d5 2. c4 e6 3. g3 Nf6 4. Bg2 c5 5. Nf3 Nc6 6. Bg5 dxc4 7. e3 Qb6 8. O-O
Qxb2 9. Nbd2 Qb6 10. Nxc4 Qd8 11. Nfe5 Bd7 12. Bxf6 gxf6 13. Nxc6 Bxc6 14.
Bxc6+ bxc6 15. Qf3 Rc8 16. dxc5 Bxc5 17. Rfd1 Qc7 18. Qxf6 Rg8 19. Ne5 Qe7 20.
Qf3 Bd6 21. Rxd6 1-0

[Event "Frankfurt Ch 2012"]
[Site "Ffm-Kalbach, LAZ"]
[Date "2012.05.14"]
[Round "3.62"]
[White "Kletzerman, Simon"]
[Black "Honert, Stefan"]
[Result "1-0"]
[WhiteElo "1546"]
[BlackElo "1345"]
[PlyCount "111"]
[EventDate "2012.??.??"]
[WhiteTeam "SAbt TuS Makkabi Ffm"]
[BlackTeam "Sfr. Frankfurt 1921"]

1. e4 d5 2. exd5 Nf6 3. Bb5+ Bd7 4. Bxd7+ Qxd7 5. c4 c6 6. dxc6 Qxc6 7. Qf3
Qxc4 8. Nc3 Nc6 9. d3 Qg4 10. Qxg4 Nxg4 11. Be3 O-O-O 12. Ke2 Nge5 13. Rd1 Nd4+
14. Bxd4 Rxd4 15. Nf3 Nxf3 16. Kxf3 a6 17. a3 e6 18. Rd2 Be7 19. Rc1 Kb8 20.
Rcc2 Rhd8 21. Ke2 Bg5 22. Rd1 b5 23. Na2 Be7 24. g3 b4 25. axb4 Bxb4 26. Nxb4
Rxb4 27. Ra1 Kb7 28. Ra3 Rd7 29. Rac3 Kb6 30. b3 a5 31. Rc6+ Kb7 32. R6c3 Kb6
33. Ke3 Rbd4 34. Rd2 Kb5 35. Rc4 R4d5 36. f3 f5 37. h4 h5 38. f4 g6 39. d4 R7d6
40. Ra2 Kb6 41. Kd3 e5 42. fxe5 Rxe5 43. Re2 Rb5 44. Kc3 Rbd5 45. Re8 f4 46.
gxf4 Rf5 47. Re5 Rdf6 48. Kd3 Rxf4 49. d5 Rf3+ 50. Re3 Kb5 51. Rd4 Rxe3+ 52.
Kxe3 Rd6 53. Ke4 Kb6 54. Rc4 Kb7 55. Ke5 Rb6 56. Rc3 1-0

[Event "Frankfurt Ch 2012"]
[Site "Ffm-Kalbach, LAZ"]
[Date "2012.05.14"]
[Round "3.63"]
[White "Bernhardt, Winfried"]
[Black "Knott, Tilo"]
[Result "1-0"]
[WhiteElo "1304"]
[BlackElo "1539"]
[PlyCount "87"]
[EventDate "2012.??.??"]
[WhiteTeam "SV 1997 Nauheim"]
[BlackTeam "SC Brett vor'm Kopp Ffm"]

1. e4 b6 2. Nc3 Bb7 3. d3 Nf6 4. h3 e6 5. Nf3 Be7 6. a3 d6 7. Be2 Nbd7 8. Be3
c5 9. Nd2 d5 10. exd5 exd5 11. d4 c4 12. b3 cxb3 13. Nxb3 Rc8 14. Qd3 a6 15.
O-O Qc7 16. Bd2 Bd6 17. Ra2 O-O 18. f4 Ne4 19. Nxe4 dxe4 20. Qe3 Nf6 21. c4 Qd7
22. Bb4 Rfe8 23. Bxd6 Qxd6 24. Nd2 a5 25. Rb2 Ba6 26. d5 Rc5 27. Rfb1 Nxd5 28.
cxd5 Bxe2 29. Qxe2 Qxd5 30. Kh1 h6 31. Nf1 Rc3 32. Rxb6 Rxa3 33. Rb8 Rxb8 34.
Rxb8+ Kh7 35. Rb2 Ra1 36. Kh2 a4 37. Rb5 Qe6 38. Re5 Qc6 39. Ng3 Qc1 40. Qxe4+
g6 41. Qd4 Qd1 42. Qa7 Qb3 43. Re7 Kg7 44. Qd4+ 1-0